000 01227pam a2200349 a 4500
999 _c5189
_d5189
001 5189
003 BD-JhCC
005 20171210162858.0
008 830318s1983 caua b 001 0 eng
020 _a0803920121
020 _a080392013X (pbk.)
035 _a(BD-JhCC)
040 _aDLC
_cDLC
_dDLC
041 _aeng
050 0 0 _aHD5708
_b.B87 1983
082 0 0 _a331.13/73/0973
_219
_bBUS 1983
100 1 _aBuss, Terry F.
245 1 0 _aMass unemployment :
_bplant closings and community mental health /
_cby Terry F. Buss, and F. Stevens Redburn, with Joseph Waldron.
260 _aBeverly Hills :
_bSage Publications,
_cc1983.
300 _a224 p. :
_bill. ;
_c23 cm.
440 0 _aSage studies in community mental health ;
_vv. 6
500 _aIncludes index.
504 _aBibliography: p. 215-222.
650 0 _aUnemployment
_zUnited States
_xPsychological aspects.
650 0 _aPlant shutdowns
_zUnited States
_xPsychological aspects.
650 0 _aCommunity mental health services
_zUnited States.
700 1 _aRedburn, F. Stevens.
700 1 _aWaldron, Joseph.
856 4 2 _3Publisher description
_uhttp://www.loc.gov/catdir/enhancements/fy0660/83004450-d.html
942 _2ddc
_cBK